Optical Shop Testing (Record no. 318779)

MARC details
000 -LEADER
fixed length control field 00461nam a2200181Ia 4500
008 - FIXED-LENGTH DATA ELEMENTS--GENERAL INFORMATION
fixed length control field 230718s9999 xx 000 0 und d
041 ## - LANGUAGE CODE
Language code of text/sound track or separate title eng
082 ## - DEWEY DECIMAL CLASSIFICATION NUMBER
Classification number 681.25
Item number MAL
100 ## - MAIN ENTRY--PERSONAL NAME
Personal name Malacara D. Ed.
9 (RLIN) 156614
245 ## - TITLE STATEMENT
Title Optical Shop Testing
250 ## - EDITION STATEMENT
Edition statement 3 REVISE
260 ## - PUBLICATION, DISTRIBUTION, ETC. (IMPRINT)
Name of publisher, distributor, etc. John Wiley
300 ## - PHYSICAL DESCRIPTION
Accompanying material [OBSOLETE, CAN/MARC] Ref 520 I ME (29986)
365 ## - TRADE PRICE
Currency code Rs.
Price amount 6675.00
500 ## - GENERAL NOTE
Keywords 520 I
700 ## - ADDED ENTRY--PERSONAL NAME
Personal name Malacara D. Ed.
9 (RLIN) 156614
906 ## - LOCAL DATA ELEMENT F, LDF (RLIN)
d B:467904-Jun-2008
c ME INS
b 20
Holdings
Withdrawn status Lost status Source of classification or shelving scheme Reference No Damaged status Not for loan Home library Current library Date acquired Vendor Budget Code Cost, normal purchase price Bill number Full call number Barcode Date last seen Discount Cost, replacement price Bill Date Koha item type Original Barcode
    Dewey Decimal Classification Ref 520 I (29986)   Reference Cummins College of Engineering for Women Pune Cummins College of Engineering for Women Pune 24/06/2008 Tbs ME INS 6655.00 4679 681.25 CCEP-BK-29986 18/07/2023 20 6675.00 04/06/2008 Books 029986